| 000 | 00512nam a2200193Ia 4500 | ||
|---|---|---|---|
| 005 | 20260429112153.0 | ||
| 008 | 260429s9999||||xx |||||||||||||| ||und|| | ||
| 020 | _a9781639898893 | ||
| 041 | _aEnglish | ||
| 082 |
_a523.1 _bSAH |
||
| 100 | _aSahlstrom, Erin | ||
| 245 | 0 |
_aEnergetic particles in the solar system / _cErin Sahlstrom |
|
| 250 | _a1st ed. | ||
| 260 |
_aNew York : _bStates Academic Press, _c2024. |
||
| 300 | _avii, 219 p.; hb | ||
| 650 | _a Energy | ||
| 650 | _aSolar system | ||
| 942 | _cTB | ||
| 999 |
_c52712 _d52712 |
||